Biggest Cities in Grenada - Statistics

General Stats
  • This quiz has been taken 2 times
  • The average score is 5 of 12
Answer Stats
Parish Population City % Correct
-- 1,321 Saint David's
100%
-- 7,500 Saint George's
100%
Saint John 3,378 Gouyave
50%
Saint Andrew 700 Tivoli
50%
Saint Andrew 170 Union Village
50%
Saint Patrick 1,300 Upper La Taste
50%
Saint Mark 2,256 Victoria
50%
Saint John 2,400 Grand Roy
0%
Saint Andrew 2,476 Grenville
0%
Carriacou 1,000 Hillsborough
0%
Saint Patrick 1,320 Sauteurs
0%
Saint George 500 Willis
0%
No matching quizzes found
Score Distribution
Percent of People with Each Score
Percentile by Number Answered
Your Score History
You have not taken this quiz